APEC Chile 2004: a country in the making
Shranjeno v:
| Format: | Knjiga |
|---|---|
| Jezik: | angleščina |
| Izdano: |
Santiago
Communication and Culture Secretariat
2004
|
| Teme: | |
| Oznake: |
Označite
Brez oznak, prvi označite!
|
MARC
| LEADER | 00000nam a2200000 a 4500 | ||
|---|---|---|---|
| 001 | UCK2563 | ||
| 003 | CL-VaPUC | ||
| 008 | 050304e20040000CL |||||||||||||||||eng|d | ||
| 082 | 0 | 4 | |a 338.983 |b APE |2 21 |
| 245 | 1 | 0 | |a APEC Chile 2004: a country in the making |
| 300 | |a 88 p | ||
| 942 | |c BK | ||
| 945 | |d 20050304 00:00:00 |a cmena | ||
| 260 | |a Santiago |b Communication and Culture Secretariat |c 2004 | ||
| 650 | 0 | |a Desarrollo económico y social |9 256320 | |
| 650 | 0 | |a Geografía de Chile |9 268295 | |
| 650 | 0 | |a Patrimonio cultural |9 309364 | |
| 651 | 7 | |a CHILE |2 CL-VaPUC |9 490480 | |
| 583 | |a last modification |c 20050304 00:00:00 |k Rodrigo Vera | ||
| 999 | |c 312062 |d 312060 | ||
| 952 | |0 0 |1 0 |4 0 |6 338_983000000000000_APE_2004 |7 0 |8 A |9 381866 |a BIBGIM |b BIBGIM |d 2019-11-21 |i 4094492 |o 338.983 APE 2004 |p 4094492 |r 2025-01-15 |w 2019-11-21 |y BK |k GIM | ||